[Event "Baden-ch U10"]
[Site "Ettlingen"]
[Date "2014.01.04"]
[Round "3"]
[White "Varbanova, Joanna"]
[Black "Wu, Luka"]
[Result "0-1"]
[WhiteElo "881"]
[BlackElo "1308"]
[PlyCount "90"]
[EventDate "2014.01.??"]
[EventType "swiss"]
[EventRounds "7"]
[EventCountry "GER"]
[SourceTitle "EXT 2022"]
[Source "ChessBase"]
[SourceDate "2021.10.06"]
[SourceVersion "1"]
[SourceVersionDate "2021.10.06"]
[SourceQuality "1"]

1. e4 e5 2. Nf3 Nc6 3. Bc4 Bc5 4. Nc3 Nf6 5. d3 h6 6. 0-0 d6 7. h3 0-0 8. a4 Be6 9. Bb5 a6 10. Bxc6 bxc6 11. b3 Nd7 12. d4 exd4 13. Nxd4 Qf6 14. Be3 Qg6 15. Qf3 Ne5 16. Qg3 Qf6 17. Rad1 Bb4 18. Bd2 c5 19. Nxe6 fxe6 20. Rfe1 Nc6 21. e5 Nxe5 22. Ne4 Qg6 23. Qxg6 Nxg6 24. Bxb4 cxb4 25. Re2 e5 26. Rd5 Nf4 27. Red2 Nxd5 28. Rxd5 a5 29. c3 bxc3 30. Nxc3 Rfb8 31. Nb5 c6 32. Nc7 Ra7 33. Rxd6 Rxc7 34. Re6 Rxb3 35. Rxe5 c5 36. Kf1 Rb4 37. Re8+ Kh7 38. h4 c4 39. g4 c3 40. f4 Rxf4+ 41. Kg2 Rxg4+ 42. Kh3 Rxa4 43. h5 c2 44. Re3 c1Q 45. Rg3 Qh1# 0-1